| 000 | 00879nam a22002897a 4500 | ||
|---|---|---|---|
| 001 | 7947 | ||
| 003 | FISKH | ||
| 005 | 20250814143010.0 | ||
| 008 | 250814b cb ||||| |||| 00| 0 eng d | ||
| 020 | _a9788120748125 | ||
| 040 |
_aFISKH _beng _cFISKH _dFISKH |
||
| 050 | _aPZ7.A3174 M | ||
| 082 | _a306 | ||
| 100 | _aAlbee, Sarah | ||
| 245 |
_aMy baby brother is a little monster / _cBy Sarah Albee ; Illustrated by Tom Brannon |
||
| 260 |
_aNew Delhi : _bSterling, _c2009. |
||
| 300 |
_a24 unnumbered pages : _bcolor illustrations ; _c21 cm |
||
| 490 | _aSesame Street | ||
| 505 | _aG | ||
| 520 | _aHenry adjusts to having a new baby brother. | ||
| 521 | 8 |
_a450
_bLexile estimate |
|
| 521 | 8 |
_aG
_bRaz-Plus |
|
| 650 |
_aFamily Feelings _vFiction _xSiblings _ySpecial |
||
| 700 |
_aBrannon, Tom _eillustrator |
||
| 942 |
_2ddc _cBK _n0 |
||
| 999 |
_c7947 _d7947 |
||